A course in convexity

Αποθηκεύτηκε σε:
Λεπτομέρειες βιβλιογραφικής εγγραφής
Κύριος συγγραφέας: Barvinok, Alexander 1963-
Μορφή: Βιβλίο
Γλώσσα:English
Δημοσίευση: Providence, R.I. : American Mathematical Society, c2002
Σειρά:Graduate studies in mathematics ; ; 54
Θέματα:
Ετικέτες: Προσθήκη ετικέτας
Δεν υπάρχουν, Καταχωρήστε ετικέτα πρώτοι!

MARC

LEADER 00000nam a2200000 i 4500
001 1/40338
008 030910s2002 eng d
020 |a 0-8218-2968-8 
035 |l 10070789 
040 |a GR-MY-UA  |b gre  |e aacr 
041 0 |a eng 
082 0 |a 516.08 
100 1 |a Barvinok, Alexander  |d 1963- 
245 1 2 |a A course in convexity /  |c Alexander Barvinok 
260 |a Providence, R.I. :   |b American Mathematical Society,   |c c2002 
300 |a x, 366 p.;  |b ill.;  |c 27 cm. 
490 1 |a Graduate studies in mathematics  |v ; 54 
504 |a Includes bibliographical references and index 
650 0 0 |a Convex geometry. 
650 0 0 |a Functional analysis. 
650 0 0 |a Programming (Mathematics) 
830 0 |a Graduate studies in mathematics ;  |v ; 54 
852 |a INST  |b SAMOS  |e 20030910  |h 516.08 BAR  |p 005300023919  |q 005300023919  |t BK  |y 0 
901 |a BIBL3-2003-3 
909 |a Σ  |b 105900 
922 |a 3ΕΛΗ  |b 200306  |c ΕΠΕΑΕΚ2/ΤΜΗΜΑ ΜΑΘΗΜΑΤΙΚΩΝ  |d ΜΙΧΑΛΟΠΟΥΛΟΣ 
950 |a 116-2003-06-13 
970 |a ΚΟΣΙΕΡΗΣ  |b ΧΡΗΣΤΟΣ  |z 2003/09/16